000 00605nam a2200193 i 4500
001 bg
100 1 _aWĘGLARCZYK, Stanisław
245 0 _aMetody statystyczne /
_cStanisław Węglarczyk ; Politechnika Krakowska im. Tadeusza Kościuszki.
260 _aKraków :
_bPK,
_c1993.
300 _a237 s. :
_brys., wykr. ;
_c24 cm.
504 _aBibliogr. s. 220-223.
521 _aSkrypt dla studentów wyższych szkół technicznych.
710 _aPOLITECHNIKA KRAKOWSKA (Kraków)
040 _cBPK
041 _apol
080 _a519.2(075.8)
942 _cKS
008 s pl f |000 0 pol
999 _c6525
_d6525
856 _uhttp://koha.tu.koszalin.pl/cgi-bin/koha/opac-detail.pl?biblionumber=6525
_yKatalog online BPK